El cine como instrumento de reinterpretación histórica en periodos de transición democrática = Cinema as an instrument of historical reinterpretation in periods of democratic transitions /
Se aborda el uso del cine como instrumento de difusión de ideas en un contexto específico, en este caso sobre su papel dentro de las transiciones a la democracia para poder presentar a la ciudadanía una reinterpretación histórica y así ir a contracorriente de la historia oficial de los regímenes aut...
Պահպանված է:
| Հիմնական հեղինակ: | |
|---|---|
| Ձևաչափ: | Տեքստ |
| Խորագրեր: | |
| Ցուցիչներ: |
Ավելացրեք ցուցիչ
Չկան պիտակներ, Եղեք առաջինը, ով նշում է այս գրառումը!
|
MARC
| LEADER | 00000 a a2200000 04500 | ||
|---|---|---|---|
| 001 | 41256 | ||
| 003 | |||
| 040 | |||
| 100 | |a Porras Ferreyra, Jaime | ||
| 245 | |a El cine como instrumento de reinterpretación histórica en periodos de transición democrática = |b Cinema as an instrument of historical reinterpretation in periods of democratic transitions / |c Jaime Porras Ferreyra | ||
| 500 | |a porrasferrey@yahoo.com | ||
| 520 | |a Se aborda el uso del cine como instrumento de difusión de ideas en un contexto específico, en este caso sobre su papel dentro de las transiciones a la democracia para poder presentar a la ciudadanía una reinterpretación histórica y así ir a contracorriente de la historia oficial de los regímenes autoritarios. Para ellos se analiza concretamente el carácter político de las obras de diversos cineastas en España y México, en plena época de transformación político-institucional. Factores como la desmitificación de algunos eventos históricos, la presencia en la pantalla de actores políticos tradicionalmente ignorados y la crítica a ciertos valores propios del autoritarismo sirven de ejemplo de la capacidad del séptimo arte como espacio de acción política. | ||
| 590 | |a EFU/NOVIEMBRE2011 | ||
| 650 | |a ESPAÑA | ||
| 650 | |a MEXICO | ||
| 650 | |a HISTORIA POLITICA | ||
| 650 | |a CINE | ||
| 650 | |a DEMOCRATIZACION | ||
| 650 | |a ANALISIS HISTORICO | ||
| 773 | |g número122 (2008), páginas 89-101 | ||
| 999 | |c 20834 |d 20834 | ||
| 773 | 0 | |0 18728 |9 3022 |a Universidad de Costa Rica |d San José, Costa Rica Editorial UCR 1956- |o 12954 |t Revista de Ciencias Sociales/ |x 04825276 | |
